| 000 | 00559nam a22001457a 4500 | ||
|---|---|---|---|
| 003 | 0 | ||
| 005 | 20221003151643.0 | ||
| 008 | 221003b xxu||||| |||| 00| 0 eng d | ||
| 050 |
_aQA 76.9 _b.Sa26 2021 |
||
| 245 |
_aImprovement on the admission process through the development of online admission and program evaluation system for baliwag polytechnic college _cMatlene V. Samin |
||
| 260 |
_aLas Pinas, Philippines _bSouthville International School and Colleges _cC2021 |
||
| 300 |
_axiii,124pp _c28cm. _fTheses |
||
| 500 | _aEvaluation system. | ||
| 942 |
_2lcc _cTH |
||
| 999 |
_c364813 _d364813 |
||